Anàlisi de l'impacte del Fons Estatal per a l'Ocupació i la Sostenibilitat Local : Espanya, Catalunya i província de Barcelona Espanya, Catalunya i província de Barcelona
ISBN:
978-84-9803-484-4
Publicado:
Barcelona :
Diputació de Barcelona. Àrea de Presidència. Observatori Econòmic Local ,
2012
Descripción Física:
320 p. : taules, gràf. ; 24 cm
Colección:
Estudis. Govern local ; 21
Materias:
Pressupostos municipals -- Espanya
; Pressupostos municipals -- Catalunya
; Pressupostos municipals -- Barcelona (Província)
; Mercat de treball -- Espanya
; Mercat de treball -- Catalunya
; Mercat de treball -- Barcelona (Província)
; Despeses públiques -- Espanya
; Despeses públiques -- Catalunya
; Despeses públiques -- Barcelona (Província)
; Creació d'ocupació -- Espanya
; Creació d'ocupació -- Catalunya XII. Creació d'ocupació -- Barcelona (Província)
MARC
| LEADER | 00000nam a2200000Ia 4500 | ||
|---|---|---|---|
| 001 | 23468 | ||
| 008 | 160829s2012 xx 000 0 cat d | ||
| 020 | |a 978-84-9803-484-4 | ||
| 080 | |a M-6-432 | ||
| 245 | |a Anàlisi de l'impacte del Fons Estatal per a l'Ocupació i la Sostenibilitat Local : |b Espanya, Catalunya i província de Barcelona | ||
| 260 | |a Barcelona : |b Diputació de Barcelona. Àrea de Presidència. Observatori Econòmic Local, |c 2012 | ||
| 300 | |a 320 p. : |b taules, gràf. ; |c 24 cm | ||
| 490 | |a Estudis. Govern local ; 21 | ||
| 650 | |a Pressupostos municipals |x Espanya |9 39141 | ||
| 650 | |a Pressupostos municipals |x Catalunya |9 43667 | ||
| 650 | 0 | |a Pressupostos municipals |z Barcelona (Província) |9 43668 | |
| 650 | |a Mercat de treball |x Espanya |9 43669 | ||
| 650 | 0 | |a Mercat de treball |z Catalunya |9 10924 | |
| 650 | 0 | |a Mercat de treball |x Barcelona (Província) |9 43671 | |
| 650 | |a Despeses públiques |x Espanya |9 23344 | ||
| 650 | 0 | |a Despeses públiques |z Catalunya |9 31492 | |
| 650 | |a Despeses públiques |x Barcelona (Província) |9 38245 | ||
| 650 | |a Creació d'ocupació |x Espanya |9 43673 | ||
| 650 | |a Creació d'ocupació |x Catalunya XII. Creació d'ocupació |x Barcelona (Província) |9 43674 | ||
| 710 | 1 | |a Barcelona (Catalunya : Província). |b Observatori Econòmic Local |9 10516 | |
| 901 | |a Arxiu | ||
| 942 | |n 1 | ||
| 952 | |0 0 |1 0 |4 0 |6 M6432 |7 1 |9 51560 |a Arxiu |b Arxiu |d 2012-07-05 |l 0 |o M-6-432 |p 23468 |r 2016-12-01 00:00:00 |w 2016-12-01 |y ARXIU | ||
| 999 | |c 55405 |d 55405 | ||